|
|
|
|
| LEADER |
00980nam a2200241 a 4500 |
| 001 |
4677066 |
| 008 |
100218s1979 bg af b 000 0 eng d |
| 010 |
|
|
|a 80901612
|
| 040 |
|
|
|a DLC
|c DLC
|d DLC
|
| 082 |
0 |
0 |
|a 954.9/2009724
|2 19
|
| 100 |
1 |
|
|a Afsaruddin, Mohammad.
|
| 245 |
1 |
0 |
|a Rural life in Bangladesh :
|b a study of five selected villages /
|c Mohammad Afsaruddin.
|
| 250 |
|
|
|a 2nd ed.
|
| 260 |
|
|
|a Dacca :
|b Nawroze Kitabistan,
|c 1979.
|
| 300 |
|
|
|a 114 p., [4] p. of plates :
|b ill. ;
|c 22 cm.
|
| 500 |
|
|
|a First ed. published in 1964 under title: Rural life in East Pakistan.
|
| 504 |
|
|
|a Includes Bibliography (p. 105-114.)
|
| 541 |
1 |
|
|e 00002657
|
| 651 |
|
0 |
|a Bangladesh
|x Rural conditions.
|
| 651 |
|
0 |
|a Bangladesh
|x Social life and customs.
|
| 852 |
4 |
|
|a Ayesha Abed Library
|j General shelf
|
| 999 |
|
|
|c 7611
|d 7611
|
| 952 |
|
|
|0 0
|1 0
|2 ddc
|4 0
|6 954_920097240000000_AFS_1979
|7 0
|9 8309
|a BRACUL
|b BRACUL
|c GEN
|d 2010-02-18
|g 25.00
|l 0
|o 954.92009724 AFS
|p 3010002657
|r 2010-02-18
|t 1
|w 2010-02-18
|y BK
|